000
00292nam a22001337a 4500
008
170526b xxu||||| |||| 00| 0 eng d
020
_a
081046327X
041
_a
eng
080
_a
007.52
100
_a
25
101
_a
IM
245
_a
ARTIFICIAL INTELLEGENCE
_c
STEVENS, L
942
_2
udc
_c
BK
999
_c
14405
_d
14405